Countries That Begin With A 'B' - Statistics

General Stats
  • This quiz has been taken 860 times
  • The average score is 13 of 17
Answer Stats
Answer % Correct
Belgium
86%
Bolivia
86%
Brazil
81%
Botswana
79%
Bahamas
77%
Barbados
77%
Bulgaria
76%
Bangladesh
75%
Belarus
74%
Bahrain
73%
Bosnia And Herzegovina
73%
Brunei
73%
Belize
72%
Benin
71%
Bhutan
71%
Burundi
69%
Burkina Faso
63%
No matching quizzes found
Score Distribution
Percent of People with Each Score
Percentile by Number Answered
Your Score History
You have not taken this quiz